{"text_format":"3","workbook":"xlsx","n_sheets":2,"sheets":["SUMMARY","MATERIAL TAKE-OFF"],"not_rendered":{"charts":1,"images":3,"defined_names":3},"read":"whole","date_system":"1900"}

{"sheet":"SUMMARY","index":0,"n_rows":18,"n_cols":4,"rows_kept":18,"merged":[[12,0,12,1],[13,0,13,3],[17,0,17,1]]}
[]
["Project ID:"]
[]
["Address:"]
[]
["No. of Floors:",1]
[]
["Building GSF",2500]
[]
["DIVISION NO.","DESCRIPTION","TOTAL DIV. COST","TOTAL DIV. COST (PER SF)"]
[1000,"General Requirements",{"$f":"'MATERIAL TAKE-OFF'!P19","v":{"v":3162.8351848500006,"d":"$3,163"}},{"$f":"C11/$B$8","v":{"v":1.2651340739400003,"d":"$1.27"}}]
[10000,"Specialties",{"$f":"'MATERIAL TAKE-OFF'!P42","v":{"v":22869.379500000003,"d":"$22,869"}},{"$f":"C12/$B$8","v":{"v":9.147751800000002,"d":"$9.15"}}]
["PROJECTED COST",null,{"$f":"SUM(C11:C12)","v":{"v":26032.214684850005,"d":"$26,032"}},{"$f":"SUM(D11:D12)","v":{"v":10.412885873940002,"d":"$10"}}]
[]
["OVERHEAD AND PROFIT",{"v":0.2,"d":"20%"},{"$f":"$C$13*B15","v":{"v":5206.442936970001,"d":"$5,206"}},{"$f":"$D$13*B15","v":{"v":2.0825771747880006,"d":"$2"}}]
["INSURANCE",{"v":0.03,"d":"3%"},{"$f":"$C$13*B16","v":{"v":780.9664405455002,"d":"$781"}},{"$f":"$D$13*B16","v":{"v":0.31238657621820004,"d":"$0"}}]
["CONTINGENCY",{"v":0.05,"d":"5%"},{"$f":"$C$13*B17","v":{"v":1301.6107342425003,"d":"$1,302"}},{"$f":"$D$13*B17","v":{"v":0.5206442936970002,"d":"$1"}}]
["SUGGESTED BASE BID",null,{"$f":"SUM(C13:C17)","v":{"v":33321.234796608005,"d":"$33,321"}},{"$f":"SUM(D13:D17)","v":{"v":13.328493918643202,"d":"$13"}}]

{"sheet":"MATERIAL TAKE-OFF","index":1,"n_rows":60,"n_cols":17,"rows_kept":60,"merged":[[2,10,2,11],[2,12,2,13],[3,10,3,11],[3,12,3,13],[4,10,4,11],[4,12,4,13],[5,10,5,11],[5,12,5,13],[6,10,6,11],[6,12,6,13],[7,10,7,11],[7,12,7,13],[10,1,10,14],[20,1,20,14],[42,0,42,12],[43,0,43,13],[44,0,44,13],[45,0,45,13],[46,0,46,13],[47,0,47,12],[49,1,49,14]]}
[]
[]
["Project: "]
[]
["Address:"]
[]
["Scope:","SPECIALTIES"]
[]
["Date:"]
["SR #","REF","DESCRIPTION","QUANTITY","UNIT","WASTAGE","QUANTITY W/ WASTAGE","LABOR HOURS","WAGES","TOTAL LABOR  HOUR","TOTAL LABOUR COST","MATERIAL RATE","TOTAL MATETRIAL COST","EQUIPMENT RATE","TOTAL EQUIPMENT COSTS","SUB COST"]
[null,"01. GENERAL REQUIREMENTS"]
[1,null,"Supervision and Coordination",1,"LS",{"v":0,"d":"0%"},{"$f":"(F12*D12)+D12","v":{"v":1,"d":"1.00"}},{"$f":"2.5%*$Q$12/I12","v":{"v":6.503634256626096,"d":"6.50"}},{"v":87.91,"d":"$87.91"},{"$f":"H12*G12","v":{"v":6.503634256626096,"d":"6.50"}},{"$f":"I12*J12","v":{"v":571.7344875000001,"d":"$571.73"}},{"v":0,"d":"$0.00"},{"$f":"L12*G12","v":{"v":0,"d":"$0.00"}},{"v":0,"d":"$0.00"},{"$f":"N12*G12","v":{"v":0,"d":"$0.00"}},{"$f":"IF(D12=\"\",\"\",(K12+M12+O12))","v":{"v":571.7344875000001,"d":"$571.73"}},{"$f":"SUM(P22:P42)/2","v":{"v":22869.379500000003,"d":"$22,869.38"}}]
[{"$f":"A12+1","v":2},null,"Submittals and Shop drawings",1,"LS",{"v":0,"d":"0%"},{"v":1,"d":"1.00"},{"$f":"1.65%*$Q$12/I13","v":{"v":4.292398609373223,"d":"4.29"}},{"v":87.91,"d":"$87.91"},{"v":4.292398609373223,"d":"4.29"},{"v":377.34476175000003,"d":"$377.34"},{"v":0,"d":"$0.00"},{"v":0,"d":"$0.00"},{"v":0,"d":"$0.00"},{"v":0,"d":"$0.00"},{"v":377.34476175000003,"d":"$377.34"}]
[3,null,"Final Cleaning",1,"LS",{"v":0,"d":"0%"},{"v":1,"d":"1.00"},{"$f":"0.85%*$Q$12/I14","v":{"v":2.2112356472528725,"d":"2.21"}},{"v":87.91,"d":"$87.91"},{"v":2.2112356472528725,"d":"2.21"},{"v":194.38972575000003,"d":"$194.39"},{"v":0,"d":"$0.00"},{"v":0,"d":"$0.00"},{"v":0,"d":"$0.00"},{"v":0,"d":"$0.00"},{"v":194.38972575000003,"d":"$194.39"}]
[4,null,"Mobilization Costs",1,"LS",{"v":0,"d":"0%"},{"v":1,"d":"1.00"},{"$f":"2.35%*$Q$12/I15","v":{"v":6.113416201228531,"d":"6.11"}},{"v":87.91,"d":"$87.91"},{"v":6.113416201228531,"d":"6.11"},{"v":537.4304182500001,"d":"$537.43"},{"v":0,"d":"$0.00"},{"v":0,"d":"$0.00"},{"v":0,"d":"$0.00"},{"v":0,"d":"$0.00"},{"v":537.4304182500001,"d":"$537.43"}]
[5,null,"Bond @ 2%",1,"LS",{"v":0,"d":"0%"},{"v":1,"d":"1.00"},{"$f":"2%*$Q$12/I16","v":{"v":5.202907405300877,"d":"5.20"}},{"v":87.91,"d":"$87.91"},{"v":5.202907405300877,"d":"5.20"},{"v":457.3875900000001,"d":"$457.39"},{"v":0,"d":"$0.00"},{"v":0,"d":"$0.00"},{"v":0,"d":"$0.00"},{"v":0,"d":"$0.00"},{"v":457.3875900000001,"d":"$457.39"}]
[6,null,"Temporary Control & Facilities",1,"LS",{"v":0,"d":"0%"},{"v":1,"d":"1.00"},{"$f":"0.98%*$Q$12/I17","v":{"v":2.54942462859743,"d":"2.55"}},{"v":87.91,"d":"$87.91"},{"v":2.54942462859743,"d":"2.55"},{"v":224.11991910000003,"d":"$224.12"},{"v":0,"d":"$0.00"},{"v":0,"d":"$0.00"},{"v":0,"d":"$0.00"},{"v":0,"d":"$0.00"},{"v":224.11991910000003,"d":"$224.12"}]
[7,null,"Scaffolding",1,"LS",{"v":0,"d":"0%"},{"v":1,"d":"1.00"},{"$f":"3.5%*$Q$12/I18","v":{"v":9.105087959276535,"d":"9.11"}},{"v":87.91,"d":"$87.91"},{"v":9.105087959276535,"d":"9.11"},{"v":800.4282825000001,"d":"$800.43"},{"v":0,"d":"$0.00"},{"v":0,"d":"$0.00"},{"v":0,"d":"$0.00"},{"v":0,"d":"$0.00"},{"v":800.4282825000001,"d":"$800.43"}]
[{"$f":"IF(E19=0,\"\",1+MAX(A13:A18))","v":""},{"$nulls":13},"SUBTOTAL",{"$f":"SUM(P12:P18)","v":{"v":3162.8351848500006,"d":"$3,162.84"}}]
[{"$f":"IF(E20=0,\"\",1+MAX(#REF!))","v":""}]
[{"$f":"IF(E21=0,\"\",1+MAX(A20:A20))","v":""},"10. SPECIALTIES"]
[{"$f":"IF(E22=0,\"\",1+MAX(A20:A21))","v":""},null,"Toilet Accessories"]
[{"$f":"IF(D23=0,\"\",1+MAX(A$12:A22))","v":8},null,"A: 36\" Grab Bar \n - Mfr: Bobrick\n - Model: 150Cx36MBLK\n - Finish: Matte Black",{"v":1,"d":"1.00"},"EA",{"v":0,"d":"0%"},{"$f":"(F23*D23)+D23","v":{"v":1,"d":"1.00"}},{"v":0.614,"d":"0.61"},{"v":63.5,"d":"$63.50"},{"$f":"H23*G23","v":{"v":0.614,"d":"0.61"}},{"$f":"I23*J23","v":{"v":38.989,"d":"$38.99"}},{"v":52.69,"d":"$52.69"},{"$f":"L23*G23","v":{"v":52.69,"d":"$52.69"}},{"v":0,"d":"$0.00"},{"$f":"N23*G23","v":{"v":0,"d":"$0.00"}},{"$f":"IF(D23=\"\",\"\",(K23+M23+O23))","v":{"v":91.679,"d":"$91.68"}}]
[{"$f":"IF(D24=0,\"\",1+MAX(A$12:A23))","v":9},null,"B: 42\" Grab Bar \n - Mfr: Bobrick\n - Model: 150Cx42MBLK\n - Finish: Matte Black",{"v":5,"d":"5.00"},"EA",{"v":0,"d":"0%"},{"v":5,"d":"5.00"},{"v":0.658,"d":"0.66"},{"v":63.5,"d":"$63.50"},3.29,{"v":208.915,"d":"$208.92"},{"v":57.75,"d":"$57.75"},{"v":288.75,"d":"$288.75"},{"v":0,"d":"$0.00"},{"v":0,"d":"$0.00"},{"v":497.66499999999996,"d":"$497.67"}]
[{"$f":"IF(D25=0,\"\",1+MAX(A$12:A24))","v":10},null,"C: 18\" Grab Bar \n - Mfr: Bobrick\n - Model: 150Cx18MBLK\n - Finish: Matte Black",{"v":3,"d":"3.00"},"EA",{"v":0,"d":"0%"},{"v":3,"d":"3.00"},{"v":0.529,"d":"0.53"},{"v":63.5,"d":"$63.50"},{"v":1.5870000000000002,"d":"1.59"},{"v":100.77450000000002,"d":"$100.77"},{"v":43.88,"d":"$43.88"},{"v":131.64000000000001,"d":"$131.64"},{"v":0,"d":"$0.00"},{"v":0,"d":"$0.00"},{"v":232.41450000000003,"d":"$232.41"}]
[{"$f":"IF(D26=0,\"\",1+MAX(A$12:A25))","v":11},null,"D: Surface Mounted Multi-Purpose Toilet Tissue Suspenser \n - Mfr: Bobrick\n - Model: B-3588MBLK\n - Finish: Matte Black",{"v":5,"d":"5.00"},"EA",{"v":0,"d":"0%"},{"v":5,"d":"5.00"},{"v":2.728,"d":"2.73"},{"v":63.5,"d":"$63.50"},13.64,{"v":866.14,"d":"$866.14"},{"v":300.94,"d":"$300.94"},{"v":1504.7,"d":"$1,504.70"},{"v":0,"d":"$0.00"},{"v":0,"d":"$0.00"},{"v":2370.84,"d":"$2,370.84"}]
[{"$f":"IF(D27=0,\"\",1+MAX(A$12:A26))","v":12},null,"E: Channel Frame Mirror \n - Mfr: Bobrick\n - Model: B-290 2436MBLK\n - Finish: Matte Black",{"v":3,"d":"3.00"},"EA",{"v":0,"d":"0%"},{"v":3,"d":"3.00"},{"v":1.996,"d":"2.00"},{"v":63.5,"d":"$63.50"},{"v":5.9879999999999995,"d":"5.99"},{"v":380.23799999999994,"d":"$380.24"},{"v":223.31,"d":"$223.31"},{"v":669.9300000000001,"d":"$669.93"},{"v":0,"d":"$0.00"},{"v":0,"d":"$0.00"},{"v":1050.1680000000001,"d":"$1,050.17"}]
[{"$f":"IF(D28=0,\"\",1+MAX(A$12:A27))","v":13},null,"F: Surface Mounted Soap Dispenser \n - Mfr: Bobrick\n - Model: B-2012MBLK\n - Finish: Matte Black",{"v":3,"d":"3.00"},"EA",{"v":0,"d":"0%"},{"v":3,"d":"3.00"},{"v":1.859,"d":"1.86"},{"v":63.5,"d":"$63.50"},{"v":5.577,"d":"5.58"},{"v":354.1395,"d":"$354.14"},{"v":221.44,"d":"$221.44"},{"v":664.3199999999999,"d":"$664.32"},{"v":0,"d":"$0.00"},{"v":0,"d":"$0.00"},{"v":1018.4594999999999,"d":"$1,018.46"}]
[{"$f":"IF(D29=0,\"\",1+MAX(A$12:A28))","v":14},null,"H: Surface Mounted Sanitary Napkin Disposal\n - Mfr: Bobrick\n - Model: B-35139MBLK\n - Finish: Matte Black",{"v":5,"d":"5.00"},"EA",{"v":0,"d":"0%"},{"v":5,"d":"5.00"},{"v":3.391,"d":"3.39"},{"v":63.5,"d":"$63.50"},{"v":16.955,"d":"16.96"},{"v":1076.6425,"d":"$1,076.64"},{"v":387,"d":"$387.00"},{"v":1935,"d":"$1,935.00"},{"v":0,"d":"$0.00"},{"v":0,"d":"$0.00"},{"v":3011.6425,"d":"$3,011.64"}]
[{"$f":"IF(D30=0,\"\",1+MAX(A$12:A29))","v":15},null,"N: Baby Changing Station\n - Mfr: Koala Kare\n - Model: KB311-SSWM-MBLK\n - Finish: Matte Black",{"v":2,"d":"2.00"},"EA",{"v":0,"d":"0%"},{"v":2,"d":"2.00"},{"v":5.412,"d":"5.41"},{"v":63.5,"d":"$63.50"},{"v":10.824,"d":"10.82"},{"v":687.324,"d":"$687.32"},{"v":2288.48,"d":"$2,288.48"},{"v":4576.96,"d":"$4,576.96"},{"v":0,"d":"$0.00"},{"v":0,"d":"$0.00"},{"v":5264.284,"d":"$5,264.28"}]
[{"$f":"IF(D31=0,\"\",1+MAX(A$12:A30))","v":16},null,"L: Coat Hook\n - Mfr: Bobrick\n - Model: B-9542MBLK\n - Finish: Matte Black",{"v":6,"d":"6.00"},"EA",{"v":0,"d":"0%"},{"v":6,"d":"6.00"},{"v":1.214,"d":"1.21"},{"v":63.5,"d":"$63.50"},{"v":7.284,"d":"7.28"},{"v":462.534,"d":"$462.53"},{"v":105.75,"d":"$105.75"},{"v":634.5,"d":"$634.50"},{"v":0,"d":"$0.00"},{"v":0,"d":"$0.00"},{"v":1097.034,"d":"$1,097.03"}]
[{"$f":"IF(D32=0,\"\",1+MAX(A$12:A31))","v":17},null,"WS-1: Custom Millwork Framed Mirror",{"v":2,"d":"2.00"},"EA",{"v":0,"d":"0%"},{"v":2,"d":"2.00"},{"v":1.874,"d":"1.87"},{"v":63.5,"d":"$63.50"},{"v":3.748,"d":"3.75"},{"v":237.99800000000002,"d":"$238.00"},{"v":221.55,"d":"$221.55"},{"v":443.1,"d":"$443.10"},{"v":0,"d":"$0.00"},{"v":0,"d":"$0.00"},{"v":681.0980000000001,"d":"$681.10"}]
[{"$f":"IF(E33=0,\"\",1+MAX(A20:A23))","v":""},null,"Signages"]
[{"$f":"IF(D34=0,\"\",1+MAX(A$12:A33))","v":18},null,"I: Men's ADA Restroom Interior Signage \n - Mfr: Amera products Inc.\n - Model: Men's Black 5302\n - Finish: White on Black",{"v":1,"d":"1.00"},"EA",{"v":0,"d":"0%"},{"$f":"(F34*D34)+D34","v":{"v":1,"d":"1.00"}},{"v":1.129,"d":"1.13"},{"v":63.5,"d":"$63.50"},{"$f":"H34*G34","v":{"v":1.129,"d":"1.13"}},{"$f":"I34*J34","v":{"v":71.6915,"d":"$71.69"}},{"v":47.5,"d":"$47.50"},{"$f":"L34*G34","v":{"v":47.5,"d":"$47.50"}},{"v":0,"d":"$0.00"},{"$f":"N34*G34","v":{"v":0,"d":"$0.00"}},{"$f":"IF(D34=\"\",\"\",(K34+M34+O34))","v":{"v":119.1915,"d":"$119.19"}}]
[{"$f":"IF(D35=0,\"\",1+MAX(A$12:A34))","v":19},null,"J: Women's ADA Restroom Interior Signage \n - Mfr: Amera products Inc.\n - Model: Women's Black 5304\n - Finish: White on Black",{"v":1,"d":"1.00"},"EA",{"v":0,"d":"0%"},{"v":1,"d":"1.00"},{"v":1.129,"d":"1.13"},{"v":63.5,"d":"$63.50"},{"v":1.129,"d":"1.13"},{"v":71.6915,"d":"$71.69"},{"v":47.5,"d":"$47.50"},{"v":47.5,"d":"$47.50"},{"v":0,"d":"$0.00"},{"v":0,"d":"$0.00"},{"v":119.1915,"d":"$119.19"}]
[{"$f":"IF(D36=0,\"\",1+MAX(A$12:A35))","v":20},null,"K: Unisex ADA Restroom Interior Signage \n - Mfr: Amera products Inc.\n - Model: Unisex Black 5306\n - Finish: White on Black",{"v":1,"d":"1.00"},"EA",{"v":0,"d":"0%"},{"v":1,"d":"1.00"},{"v":1.374,"d":"1.37"},{"v":63.5,"d":"$63.50"},{"v":1.374,"d":"1.37"},{"v":87.24900000000001,"d":"$87.25"},{"v":56.95,"d":"$56.95"},{"v":56.95,"d":"$56.95"},{"v":0,"d":"$0.00"},{"v":0,"d":"$0.00"},{"v":144.199,"d":"$144.20"}]
[{"$f":"IF(D37=0,\"\",1+MAX(A$12:A36))","v":21},null,"2'-0\" x 3'-0\" Marketing Graphic",{"v":1,"d":"1.00"},"EA",{"v":0,"d":"0%"},{"v":1,"d":"1.00"},{"v":1.256,"d":"1.26"},{"v":63.5,"d":"$63.50"},{"v":1.256,"d":"1.26"},{"v":79.756,"d":"$79.76"},{"v":52.68,"d":"$52.68"},{"v":52.68,"d":"$52.68"},{"v":0,"d":"$0.00"},{"v":0,"d":"$0.00"},{"v":132.436,"d":"$132.44"}]
[{"$f":"IF(E38=0,\"\",1+MAX(A20:A34))","v":""},null,"Misc."]
[{"$f":"IF(D39=0,\"\",1+MAX(A$12:A38))","v":22},null,"Semi-Recessed Fire Extinguisher Cabinet",{"v":2,"d":"2.00"},"EA",{"v":0,"d":"0%"},{"$f":"(F39*D39)+D39","v":{"v":2,"d":"2.00"}},{"v":1.379,"d":"1.38"},{"v":63.5,"d":"$63.50"},{"$f":"H39*G39","v":{"v":2.758,"d":"2.76"}},{"$f":"I39*J39","v":{"v":175.133,"d":"$175.13"}},{"v":129.95,"d":"$129.95"},{"$f":"L39*G39","v":{"v":259.9,"d":"$259.90"}},{"v":0,"d":"$0.00"},{"$f":"N39*G39","v":{"v":0,"d":"$0.00"}},{"$f":"IF(D39=\"\",\"\",(K39+M39+O39))","v":{"v":435.033,"d":"$435.03"}}]
[{"$f":"IF(D40=0,\"\",1+MAX(A$12:A39))","v":23},null,"Type \"K\" Fire Extinguisher",{"v":2,"d":"2.00"},"EA",{"v":0,"d":"0%"},{"v":2,"d":"2.00"},{"v":1.528,"d":"1.53"},{"v":63.5,"d":"$63.50"},{"v":3.056,"d":"3.06"},{"v":194.056,"d":"$194.06"},{"v":229,"d":"$229.00"},{"v":458,"d":"$458.00"},{"v":0,"d":"$0.00"},{"v":0,"d":"$0.00"},{"v":652.056,"d":"$652.06"}]
[{"$f":"IF(D41=0,\"\",1+MAX(A$12:A40))","v":24},null,"8'-0\" High Stainless Steel Wall Corner Guard\n - Mfr: John Boos\n - Model: Corner452-CUT-X\n - Finish: Matte Black",{"v":42,"d":"42.00"},"EA",{"v":0,"d":"0%"},{"v":42,"d":"42.00"},{"v":1.104,"d":"1.10"},{"v":63.5,"d":"$63.50"},{"v":46.368,"d":"46.37"},{"v":2944.368,"d":"$2,944.37"},{"v":71.61,"d":"$71.61"},{"v":3007.62,"d":"$3,007.62"},{"v":0,"d":"$0.00"},{"v":0,"d":"$0.00"},{"v":5951.987999999999,"d":"$5,951.99"}]
[{"$f":"IF(E42=0,\"\",1+MAX(A22:A39))","v":""},{"$nulls":13},"SUBTOTAL",{"$f":"SUM(P22:P41)","v":{"v":22869.379500000003,"d":"$22,869.38"}}]
[]
["PROJECTED COST",{"$nulls":14},{"$f":"SUM(P11:P43)/2","v":{"v":26032.214684850005,"d":"$26,032"}}]
["OVERHEAD AND PROFIT",{"$nulls":13},{"v":0.2,"d":"20%"},{"$f":"$P$44*O45","v":{"v":5206.442936970001,"d":"$5,206"}}]
["INSURANCE",{"$nulls":13},{"v":0.03,"d":"3%"},{"$f":"$P$44*O46","v":{"v":780.9664405455002,"d":"$781"}}]
["CONTINGENCY",{"$nulls":13},{"v":0.05,"d":"5%"},{"$f":"$P$44*O47","v":{"v":1301.6107342425003,"d":"$1,302"}}]
["SUGGESTED BID",{"$nulls":14},{"$f":"SUM(P44:P47)","v":{"v":33321.234796608005,"d":"$33,321"}}]
["NOTES:"]
[null,"General Notes: The prices used while preparing the estimate were taken from RSMeans online i.e. the standard pricing. So, it is preferred to review the prices."]
[]
[null,null,"Note",{"$nulls":9},"Legend"]
[null,1,"The drawings are scaled as per the mentioned scales on the plans.",{"$nulls":9},"LBS = Pound "]
[{"$nulls":12},"SF= Square Feet"]
[{"$nulls":12},"LF = Linear Feet"]
[{"$nulls":12},"EA = Each"]
[{"$nulls":12},"CY = Cubic Yard"]
[{"$nulls":12},"SY = Square Yard"]
[{"$nulls":12},"LOC = Location"]
[{"$nulls":12},"LS = Lum Sum"]